Johns Hopkins anesthesiology handbook (Record no. 64227)

MARC details
000 -LEADER
fixed length control field 01020nam a2200181 a 4500
008 - FIXED-LENGTH DATA ELEMENTS--GENERAL INFORMATION
fixed length control field 130806s2010 ||||||||||||||||| || u
020 ## - INTERNATIONAL STANDARD BOOK NUMBER
International Standard Book Number 9781416059165
050 ## - LIBRARY OF CONGRESS CALL NUMBER
Classification number RD 81 Hei
100 ## - MAIN ENTRY--PERSONAL NAME
Personal name Schwengel, Deborah A
245 10 - TITLE STATEMENT
Title Johns Hopkins anesthesiology handbook
Statement of responsibility, etc. by Eugenie S. Heitmiller and Deborah A. Schwengel
260 ## - PUBLICATION, DISTRIBUTION, ETC.
Place of publication, distribution, etc. Philadelphia:
Name of publisher, distributor, etc. Mosby Elsevier
Date of publication, distribution, etc. 2010
300 ## - PHYSICAL DESCRIPTION
Extent X, 533p.: ill.
650 ## - SUBJECT ADDED ENTRY--TOPICAL TERM
Topical term or geographic name entry element ANESTHESIOLOGY--HANDBOOKS, MANUALS, ETC
700 ## - ADDED ENTRY--PERSONAL NAME
Personal name Heitmiller, Eugenie S
995 ## -
-- MEDICAL LIBRARY OPEN ACCESS
-- 902257
-- CBU-SCHOOL OF MEDICINE LIBRARY (Ndola)
-- RD 81 Hei
-- 1
-- AVAILABLE
-- Aug 20, 2013
-- 902257
-- Medical Library Open Access Collection
995 ## -
-- MEDICAL LIBRARY OPEN ACCESS
-- 902259
-- CBU-SCHOOL OF MEDICINE LIBRARY (Ndola)
-- RD 81 Hei
-- 3
-- AVAILABLE
-- Aug 20, 2013
-- 902259
-- Medical Library Open Access Collection
995 ## -
-- MEDICAL LIBRARY OPEN ACCESS
-- 902258
-- CBU-SCHOOL OF MEDICINE LIBRARY (Ndola)
-- RD 81 Hei
-- 2
-- AVAILABLE
-- Aug 20, 2013
-- 902258
-- Medical Library Open Access Collection
999 ## -
-- 64227
-- 64227

No items available.